000 01148nam a22002777a 4500
005 20240228141435.0
008 240227b ||||| |||| 00| 0 eng d
020 _a978-9390576081
040 _cAL
041 _aEnglish
082 _223
_a664.076
_bSHAG
100 _aSanjeev Kumar Sharma and others
_9152421
245 _aGATE Life Science for Food Technology and Other Allied Sciences
260 _aNew Delhi
_bJain Brothers
_c2021
300 _a610 p.
_bPB
_c24x18 cm.
365 _a7967
_b₹560.00
_c
_d₹700.00
_e20%
_f24-02-2024
520 _a GATE Life Science for Food Technology and Other Allied Sciences By Sanjeev Kumar Sharma, Lohith Kumar D H, Dr Ashwani Sharma, CONTENTS : 1. Food Technology 2. Microbiology 3. Zoology 4. Botany 5. Biochemistry 6. Solved Previous Years Papers, Additional Questions to Different Sections, Based 2021 Paper.
650 _aBiochemistry
_9152330
650 _aMicrobiology
_9152331
650 _aZoology
_9152332
650 _aBotany
_9152333
700 _aSHARMA (Sanjeev Kumar)
_9152334
700 _aKUMAR (Lohith D H)
_9152335
700 _aSHARMA (Ashwani)
_9152336
942 _2ddc
_cBK
999 _c229926
_d229926